000 01204nam a2200265Ia 4500
003 OSt
005 20200723180508.0
008 191128s1980 ck ad fr 000 0 spa d
040 _aCO-JMCR
_cCO-JMCR
041 0 _aspa
082 0 4 _a338.9861 /
_bN322p
_223
100 1 _aNavas Sierra, Alberto,
_eautor
_97750
245 1 0 _aPolítica económica y sector externo :
_balgunos antecedentes para la historia económica nacional /
_cJ. Alberto Navas Sierra
260 _aBogotá :
_bBanco Popular,
_c1980
300 _a501 páginas, 5 hojas plegables :
_bgráficos a blanco y negro ;
_c24 cm.
490 0 _aBiblioteca Banco Popular. Textos Universitarios
500 _aIncluye notas a pie de página.
505 0 _aSector externo y desarrollo económico: antecedentes sobre el caso colombiano -- Tecnología, intercambio y desarrollo: un tema latinoamericano -- La política comercial nacional y su marco institucional -- Las compañías de comercialización
650 1 4 _aPolítica económica
_97751
650 1 4 _aPolítica comercial
_96253
650 1 4 _aComercio exterior
_94820
650 1 4 _aCertificados tributarios
_97752
650 1 4 _aCertificado de abono tributario
_97753
942 _2ddc
_cBK
999 _c5572
_d5572